000 00674nam a2200217Ia 4500
005 20241129110049.0
008 241129s9999||||xx |||||||||||||| ||und||
020 _a9788170183716
037 _aTB
040 _aARTS
_beng
_cARTS
041 _aeng
_2eng
084 _aDelta25:(Q:31) R3
_qARTS
100 _aLala Chhaganlal Au.
_9727075
245 0 _aBhakti in religions of the world: with special reference to Dr. Sri Bankey Behariji
_cLala Chhaganlal Au.
260 _aDelhi, India
_bB. R. Publishing Corporation
_c2023
300 _a268p.
365 _aINR
_b1250
650 _aMysticism
942 _cTB
_hDelta25:(Q:31) R3
999 _c1227167
_d1227167